El nudo de víboras / (Record no. 101145)

MARC details
000 -LEADER
campo de control de longitud fija 00627nam a2200205 i 4500
001 - NÚMERO DE CONTROL
campo de control 101145
003 - IDENTIFICADOR DE NÚMERO DE CONTROL
campo de control ES-MaACL
007 - CAMPO FIJO DE DESCRIPCIÓN FÍSICA--INFORMACIÓN GENERAL
campo de control de longitud fija t|
008 - DATOS DE LONGITUD FIJA--INFORMACIÓN GENERAL
campo de control de longitud fija 051013s1948 ag ||||1| spa d
100 1# - ENTRADA PRINCIPAL--NOMBRE DE PERSONA
Nombre de persona Mauriac, François,
Fechas asociadas al nombre 1885-1970
9 (RLIN) 79251
245 13 - MENCIÓN DEL TÍTULO
Título El nudo de víboras /
Mención de responsabilidad, etc. François Mauriac; traducción de María Teresa López.
250 ## - MENCION DE EDICION
Mención de edición [2ª ed.].
260 ## - PUBLICACIÓN, DISTRIBUCIÓN, ETC.
Lugar de publicación, distribución, etc. Buenos Aires :
Nombre del editor, distribuidor, etc. Edit. Sudamericana,
Fecha de publicación, distribución, etc. 1948.
300 ## - DESCRIPCIÓN FÍSICA
Extensión 273 p. ;
Dimensiones 19 cm.
490 1# - MENCIÓN DE SERIE
Mención de serie Horizonte
700 1# - ENTRADA AGREGADA--NOMBRE PERSONAL
Nombre de persona López, María Teresa.
9 (RLIN) 73357
830 0# - PUNTO DE ACCESO ADICIONAL DE SERIE-TÍTULO UNIFORME
Título uniforme Horizonte
9 (RLIN) 180916
852 ## - LOCALIZACIÓN
Ubicación ES-MaACL
Número de control de estantería B-3059
Sublocalización o colección R.29849
Holdings
Estatus retirado Estado de pérdida Estado de daño No para préstamo Biblioteca de origen Biblioteca actual Ubicación en estantería Fecha de adquisición Fuente de adquisición Total de préstamos Signatura topográfica completa Código de barras Visto por última vez Precio de reemplazo Tipo de ítem Koha
        Biblioteca del Ateneo de Madrid Biblioteca del Ateneo de Madrid Sala Pardo Bazán 17/01/2008     B-3059 1105600 23/02/2023 23/02/2023 Libro impreso